| 000 | 00647cab a2200205 4500 | ||
|---|---|---|---|
| 001 | WB3336-01 | ||
| 008 | 090401t1997 xxu||||| |||| 00| 0 eng d | ||
| 035 | _a(Sirsi) u80978 | ||
| 041 | _aeng | ||
| 245 | _aIndustry calls for review of Construction Act | ||
| 260 | _c1997 | ||
| 350 | _a0 | ||
| 490 |
_aBuilding _v262(8007) 19 September 1997, 9(1) |
||
| 520 | _aIndustry leaders are becoming concerned that the Construction Act will increase rather than decrease litigation and have called for a review of the Act. | ||
| 650 | _aCONSTRUCTION BILL | ||
| 650 | _aREVIEW | ||
| 690 | _aBUILT ENVIRONMENT | ||
| 942 | _n0 | ||
| 948 | _c19/09/1997 | ||
| 999 |
_c51014 _d51014 |
||